A-Z Movies - Statistics

General Stats
  • This quiz has been taken 43 times
  • The average score is 17 of 25
Answer Stats
# Hint Answer % Correct
H A young wizard must get past the Triwizard Tournament and face his nemesis {Harry} {Potter} and the Goblet of Fire
95%
J When a man emerges from a board game, he and his companions must survive when the game comes to life Jumanji
95%
G A group of people team up to fight ghosts that are taking over the world Ghostbusters
92%
A A group of 6 superpowered beings band together to stop an otherworldy force The Avengers
92%
L When a young lion’s father gets killed, he must confront his uncle: the murderer The Lion King
89%
E An oversized elf travels to the United States to find his biological father Elf
87%
U An elderly man ties hundreds of balloons to his house and flies to South America to avoid the government Up
84%
X A group of mutants must stop an almost-omnipotent ancient mutant from unleashing his fury X-Men: Apocalypse
84%
M Four animals from Central Park Zoo get transported to an African island Madagascar
82%
F An LAPD officer and a street racer team up to investigate a high-speed robbery The Fast and the Furious
82%
D A cocky cancer-survivor-turned-superhero battles the one who disfigured him Deadpool
76%
N A serial killer with a claw-hand terrorises his neighbourhood Nightmare on Elm Street
76%
I A billionare playboy gets captured in Afghanistan and must rise up to face his lifelong companion Iron Man
71%
Q A family lives in a world inhabited by sound-sensitive monsters who are out to hunt them A Quiet Place
66%
K A group travels to a foreign island, only to discover a titan ape living there as well Kong: Skull Island
66%
Z A bunny who is a police officer mist foil a grand plan to turn all carnivores feral Zootopia
66%
T An Asgardian god faces his evil sister and forges an alliance with his trickster brother, a female warrior, a green monster and a talking rock Thor: Ragnarok
63%
V In a futuristic, totalitarian Britain, a freedom fighter known simply as V uses terrorist tactics to fight the oppressive society V for Vendetta
63%
O In order to escape the prison labour, McMurphy, a prisoner, fakes insanity and is shifted to the ward for the mentally unstable. One Flew over the Cuckoo’s Nest
53%
B An ancient Egyptian superhuman is awakened and brings his form of justice on the world Black Adam
39%
P Captain Jack Sparrow seeks the heart of Davy Jones, a magical relic Pirates of the Carribean: Dead Man’s Chest
39%
W A dwarf farmer, is entrusted with the task of delivering Elora, a princess who is destined to defeat the evil Queen Bavmorda, to the humans to keep her safe Willow
39%
S A young Chinese-American must stand against his misguided warlord of a father and discover the secret of Ta Lo Shang-Chi and the Legend of the Ten Rings
37%
R Two inspectors — Lee and Carter — investigate a murder attempt on Master Han Rush Hour 3
34%
C A dog named Buck fights for survival when he is forced to work for a man named Perrault Call of the Wild
24%
No matching quizzes found
Score Distribution
Percent of People with Each Score
Percentile by Number Answered
Your Score History
You have not taken this quiz